Textbook of physiology (Record no. 1344)

000 -LEADER
fixed length control field 00997cam a2200289 4500
003 - CONTROL NUMBER IDENTIFIER
control field OSt
005 - DATE AND TIME OF LATEST TRANSACTION
control field 20210625100718.0
008 - FIXED-LENGTH DATA ELEMENTS--GENERAL INFORMATION
fixed length control field 730508s1973 moua b 001 0 eng
020 ## - INTERNATIONAL STANDARD BOOK NUMBER
International Standard Book Number 0801643538
040 ## - CATALOGING SOURCE
Transcribing agency DLC
050 00 - LIBRARY OF CONGRESS CALL NUMBER
Classification number QP34.5
Item number .S36 1973
100 1# - MAIN ENTRY--PERSONAL NAME
Personal name Schottelius, Byron A.
245 10 - TITLE STATEMENT
Title Textbook of physiology
Statement of responsibility, etc. [by] Byron A. Schottelius [and] Dorothy D. Schottelius.
250 ## - EDITION STATEMENT
Edition statement 17th ed.
260 ## - PUBLICATION, DISTRIBUTION, ETC.
Place of publication, distribution, etc. Saint Louis,
Name of publisher, distributor, etc. Mosby,
Date of publication, distribution, etc. 1973.
300 ## - PHYSICAL DESCRIPTION
Extent ix, 590 p.
Other physical details illus.
Dimensions 25 cm.
500 ## - GENERAL NOTE
General note First-13th ed., by W. D. Zoethout (7th-13th, with W. W. Tuttle); 14th-16th ed., by W. W. Tuttle and B. A. Schottelius.
504 ## - BIBLIOGRAPHY, ETC. NOTE
Bibliography, etc. note Includes bibliographies.
650 #0 - SUBJECT ADDED ENTRY--TOPICAL TERM
Topical term or geographic name entry element Human physiology.
700 1# - ADDED ENTRY--PERSONAL NAME
Personal name Schottelius, Dorothy D.,
Relator term joint author.
700 1# - ADDED ENTRY--PERSONAL NAME
Personal name Tuttle, W. W.
Fuller form of name (Waid Wright),
Dates associated with a name 1893-1969.
Title of a work Textbook of physiology.
906 ## - LOCAL DATA ELEMENT F, LDF (RLIN)
a 7
b cbc
c orignew
d 2
e opcn
f 19
g y-gencatlg
942 ## - ADDED ENTRY ELEMENTS (KOHA)
Source of classification or shelving scheme
Koha item type Book
Suppress in OPAC JE
Holdings
Withdrawn status Lost status Source of classification or shelving scheme Damaged status Not for loan Permanent Location Current Location Shelving location Date acquired Total Checkouts Full call number Barcode Date last seen Price effective from Koha item type Public note
          AU LIBRARY AU LIBRARY Open Shelf 25.06.2021   QP34.5 .S36 1973 28003721 25.06.2021 25.06.2021 Book JE

Powered by Koha